Cara y cruz de la revolución industrial / (Record no. 109822)

MARC details
000 -LEADER
campo de control de longitud fija 01187nam a2200253 4500
001 - NÚMERO DE CONTROL
campo de control 109822
003 - IDENTIFICADOR DE NÚMERO DE CONTROL
campo de control ES-MaACL
005 - FECHA Y HORA DE LA ÚLTIMA TRANSACCIÓN
campo de control 20250812062526.0
007 - CAMPO FIJO DE DESCRIPCIÓN FÍSICA--INFORMACIÓN GENERAL
campo de control de longitud fija t|
008 - DATOS DE LONGITUD FIJA--INFORMACIÓN GENERAL
campo de control de longitud fija 061121s1960 sp 00110 spa d
080 ## - NÚMERO DE LA CLASIFICACIÓN DECIMAL UNIVERSAL
Número de la Clasificación Decimal Universal 338.924
100 1# - ENTRADA PRINCIPAL--NOMBRE DE PERSONA
Nombre de persona Corona Baratech, Carlos E.
9 (RLIN) 172245
245 10 - MENCIÓN DEL TÍTULO
Título Cara y cruz de la revolución industrial /
Mención de responsabilidad, etc. Carlos E. Corona Baratech.
260 ## - PUBLICACIÓN, DISTRIBUCIÓN, ETC.
Lugar de publicación, distribución, etc. Madrid :
Nombre del editor, distribuidor, etc. Ateneo :
-- Editora Nacional,
Fecha de publicación, distribución, etc. 1960 (
Fabricante Bolaños y Aguilar)
300 ## - DESCRIPCIÓN FÍSICA
Extensión 57 p. ;
Dimensiones 19 cm.
490 1# - MENCIÓN DE SERIE
Mención de serie Colección "O Crece o Muere" ;
Designación de volumen o secuencia 154
505 0# - NOTA DE CONTENIDO CON FORMATO
Nota de contenido con formato La transformación industrial ; La transformación técnica ; Efectos de la industrialización ; Beneficios de la industrialización ; Repercusiones sobre la vida, la conducta y las ideas comunes ; El hombre de la época industrial ; El individuo y la masa
594 ## - Nota al título y mención de responsabilidad
Nota al título y mención de responsabilidad Este trabajo fue dado a conocer por su autor en la conferencia pronunciada en el Colegio Mayor "Fray Luis de León", de Salamanca, el día 9 de marzo de 1959.
650 ## - PUNTO DE ACCESO ADICIONAL DE MATERIA--TÉRMINO DE MATERIA
Término de materia o nombre geográfico como elemento de entrada Revolución industrial.
9 (RLIN) 136832
710 2# - ENTRADA AGREGADA--NOMBRE DE ENTIDAD CORPORATIVA
Nombre de entidad corporativa o nombre de jurisdicción como elemento de entrada Ateneo de Madrid.
9 (RLIN) 1875
830 10 - PUNTO DE ACCESO ADICIONAL DE SERIE-TÍTULO UNIFORME
Título uniforme Colección "O crece o muere"
Designación de volumen o secuencia 154
9 (RLIN) 183476
852 4# - LOCALIZACIÓN
Ubicación ES-MaACL
Número de control de estantería J-24(154)
Holdings
Estatus retirado Estado de pérdida Estado de daño No para préstamo Biblioteca de origen Biblioteca actual Ubicación en estantería Fecha de adquisición Fuente de adquisición Total de préstamos Signatura topográfica completa Código de barras Visto por última vez Precio de reemplazo Tipo de ítem Koha
        Biblioteca del Ateneo de Madrid Biblioteca del Ateneo de Madrid Depósito 2 14/06/2021     J-24(154) 1202582 23/02/2023 23/02/2023 Libro impreso